000
002230000a22000970004500
100
1
_a
Shane, Mary O.
245
1
0
_a
Suffering as blessing
300
_a
Vol. 14, Núm 3 (1996), Páginas 71-76
773
0
_t
Evangel
942
_c
ANA
999
_c
54174
_d
54174